000 00619nam a2200205 a 4500
001 BRCA_7074
005 20190320205714.0
008 071211s1925----enka######---#000-0#eng-#
041 _aeng
044 _aenk
050 4 _aGV1282
_b.T8 1925
100 1 _aTuite, Hugh
_917590
245 1 0 _aThe pottleton bridge club
_bthe members, their play and postmortems with some Comment
_cby Hugh Tuite ; with illustrations by Beaumont Rigby
260 _aLondres
_bG. Bles
_c[1925]
300 _a159 p.
_bil.
_c20 cm.
500 _aO44
650 1 4 _aApuestas
_xJuegos de cartas (Bridge)
_917112
902 _aGFM
942 _2lcc
_cB
999 _c6755
_d6755